‎پر تو :ا د بی ا نّر و يو (Record no. 91849)

MARC details
000 -LEADER
fixed length control field 00762nam a22002297a 4500
005 - DATE AND TIME OF LATEST TRANSACTION
control field 20150224165052.0
008 - FIXED-LENGTH DATA ELEMENTS--GENERAL INFORMATION
fixed length control field 140714b xxu||||| |||| 00| 0 Urdu d
010 ## - LCCN (DPL NO)
LC control number UR-8676
020 q# - INTERNATIONAL STANDARD BOOK NUMBER
Terms of availability 300.00
020 ## - INTERNATIONAL STANDARD BOOK NUMBER
Terms of availability 9789350733387
035 ## - SYSTEM CONTROL NUMBER
System control number U-7231
037 ## - SOURCE OF ACQUISITION
Source of stock number/acquisition DBAD/Pub.
040 ## - CATALOGING SOURCE
Original cataloging agency DPL
Language of cataloging Urdu
082 ## - DEWEY DECIMAL CLASSIFICATION NUMBER
Classification number 808.856
100 ## - MAIN ENTRY--PERSONAL NAME
Personal name صد يقی نّا ر ا حمد
245 ## - TITLE STATEMENT
Title ‎پر تو :ا د بی ا نّر و يو
Statement of responsibility, etc صد يقی نّا ر ا حمد
246 ## - VARYING FORM OF TITLE
Title proper/short title Partau(Literary Interviews)
Remainder of title By Nisar Ahmed Siddiqui
260 ## - PUBLICATION, DISTRIBUTION, ETC. (IMPRINT)
Place of publication, distribution, etc د ھلی
Name of publisher, distributor, etc Educational Publishing House
Date of publication, distribution, etc 2014
270 ## - ADDRESS
Address 3108,Vakeel Street,Kucha Pandit,Lal Kuan
City .Delhi
Postal code 110006
300 ## - PHYSICAL DESCRIPTION
Extent 220.ص
Dimensions 22Cm (Hb)
942 ## - ADDED ENTRY ELEMENTS (KOHA)
Source of classification or shelving scheme Dewey Decimal Classification
Item type Urdu Bks
Edition
Classification part 808.856
Call number suffix ص د ی
Holdings
Withdrawn status Lost status Source of classification or shelving scheme Damaged status Not for loan Collection code Home library Current library Date acquired Source of acquisition Cost, normal purchase price Total Checkouts Full call number Barcode Date last seen Copy number Cost, replacement price Koha item type
    Dewey Decimal Classification   Not For Loan Non-fiction D.B.Act.Division D.B.Act.Division 24/02/2015 DBAD/Pub. 300.00   808.856 ص د ی U-7231 24/02/2015 1 300.00 Urdu Bks

© Delhi Public Library
Hit Counter
free hit counter